[Event "Unterfranken-ch69 Seniors"]
[Site "Schweinfurt"]
[Date "2018.04.07"]
[Round "7"]
[White "Schmitt, Wolfgang Max"]
[Black "Hinterleitner, Gerhard"]
[Result "1/2-1/2"]
[WhiteElo "1692"]
[BlackElo "1733"]
[PlyCount "33"]
[EventDate "2018.04.02"]
[EventType "swiss"]
[EventRounds "7"]
[EventCountry "GER"]
[SourceTitle "EXT 2019"]
[Source "ChessBase"]
[SourceDate "2018.10.10"]
[SourceVersion "1"]
[SourceVersionDate "2018.10.10"]
[SourceQuality "1"]

1. f4 d5 2. Nf3 Nf6 3. d4 e6 4. e3 c5 5. c3 Bd6 6. Bd3 0-0 7. 0-0 Nbd7 8. Ne5 g6 9. Nd2 Ne8 10. Nxd7 Bxd7 11. Nf3 f6 12. Bd2 Qe7 13. Qe1 e5 14. fxe5 fxe5 15. dxe5 Bxe5 16. Nxe5 Rxf1+ 17. Qxf1 1/2-1/2

[Event "Bad Koenigshofen op 6th"]
[Site "Bad Koenigshofen"]
[Date "2007.12.28"]
[Round "5"]
[White "Baeuml, Gerhard"]
[Black "Schmitt, Wolfgang Max"]
[Result "1-0"]
[WhiteElo "1451"]
[BlackElo "1634"]
[PlyCount "81"]
[EventDate "2007.12.26"]
[EventType "swiss"]
[EventRounds "7"]
[EventCountry "GER"]
[SourceTitle "CBM 122 Extra"]
[Source "ChessBase"]
[SourceDate "2008.03.04"]
[SourceVersion "1"]
[SourceVersionDate "2008.03.04"]
[SourceQuality "1"]

1. e4 c6 2. d4 d5 3. exd5 cxd5 4. Nc3 Bf5 5. Bb5+ Nc6 6. Nf3 e6 7. Ne5 Qc7 8. Qf3 Nf6 9. Bf4 Bd6 10. Rc1 0-0 11. Bxc6 bxc6 12. 0-0 Qb6 13. Nd7 Nxd7 14. Bxd6 Rfe8 15. g4 Bg6 16. h4 Qxd4 17. Rfe1 Nf6 18. h5 Bxc2 19. Rxc2 Qxg4+ 20. Qxg4 Nxg4 21. f3 Nh6 22. Ne2 Rac8 23. Nd4 Nf5 24. Nxf5 exf5 25. Rxe8+ Rxe8 26. Rxc6 h6 27. Kf2 Kh7 28. Bc5 f4 29. Rd6 Re5 30. Bxa7 Rxh5 31. Kg2 Rg5+ 32. Kf1 h5 33. Bf2 Rf5 34. a4 g5 35. a5 d4 36. a6 Ra5 37. Bxd4 Ra1+ 38. Kg2 Rc1 39. a7 Rc8 40. Rb6 Rc2+ 41. Bf2 1-0